00319nam a2200133Ia 45000030006000000080041000060400015000471000026000622450026000882600036001143000006001505460012001560050017001680STCL150530s9999 xx 000 0 und d aSTCLcSTCL aSachidanand Vatsyayan aSarjan Aur Sampreshan bNational Publishing Housec1984 a0 aEnglish20220125171319.0